Gigantes marinos

Đã lưu trong:
Chi tiết về thư mục
Tác giả chính: Otero Espasandin, J.
Định dạng: Sách
Ngôn ngữ:Tiếng Tây Ban Nha
Được phát hành: Buenos Aires. Atlántida. 1945.
Phiên bản:2ª ed.
Những chủ đề:
Các nhãn: Thêm thẻ
Không có thẻ, Là người đầu tiên thẻ bản ghi này!

MARC

LEADER 00000nam a22000005a 4500
001 17532
003 CL-ChBUA
005 20120815103638.0
008 070301s1945 ag 000 0 spa
040 |a CL-ChBUA  |c CL-ChBUA 
082 0 0 |a 599 
090 |c 17532  |d 17532 
100 1 |a Otero Espasandin, J. 
245 1 0 |a Gigantes marinos 
250 |a 2ª ed. 
260 |b Atlántida.  |a Buenos Aires.  |c 1945. 
300 |c 17 cm. 
504 |a Indice. 
650 4 |a MAMIFEROS. 
942 |c LIB 
952 |0 0  |1 0  |4 0  |7 0  |9 24251  |a UNACH  |b UNACH  |c 500  |d 2007-03-05  |i 550.  |l 0  |o 599 / Ot 87.  |p 25250  |r 2012-12-27 00:00:00  |u 24251  |w 2012-08-08  |y LIB  |k 599 / Ot 87. 
999 |c 17532  |d 17532